| 000 | 00738nam a22002297a 4500 | ||
|---|---|---|---|
| 999 |
_c15831 _d15831 |
||
| 003 | AR-CdUCM | ||
| 008 | 190430b ||||| |||| 00| 0 spa d | ||
| 020 | _a84-7864-928-X | ||
| 040 |
_aMUNICIPALIDAD PROVINCIAL DEL CUSCO _cBIBLIOTECA MUNICIPAL DEL CUSCO |
||
| 082 |
_23ed. _aPI / 376.1 / _bM57 |
||
| 100 |
_aMiles, Kelly _935028 |
||
| 245 | _aPequeños & grandes cuaderno de adhesivos Bichos / | ||
| 260 |
_aBasrcelona : _bCombel, _c2006. |
||
| 300 |
_a25 paginas : _b|Ilustraciones, graficos, dibujos, _c28 cm. |
||
| 500 | _aCuaderno de ayuda para niños | ||
| 650 |
_aTexto _9816 |
||
| 650 |
_aLiteratura _983 |
||
| 650 |
_aHistoria _9136 |
||
| 856 | _fwww.combeleditorial.com | ||
| 942 |
_2ddc _cLIBROS |
||
| 945 |
_apjha _d2019-04-30 |
||